000 00678nam a2200205Ia 4500
003 GCL
008 140319s9999 xx 000 0 ara d
040 _aGCL /
_cGCL
082 0 4 _a364.4
_bر ع
100 1 _aرمضان الالفى
245 1 0 _aالعولمة والامن الانعكاسات السلبية والايجابية /
_cرمضان الالفى
250 _aالثامنة
260 _aالقاهرة :
_bمركز دراسات الوحدة العربية ،
_c1998
300 _a33 ص ؛
_c30 سم
490 _aكتاب
_v0
650 0 4 _aالامن القومى
650 0 4 _aمكافحة الجريمة
650 0 4 _aالعولمة
942 _2ddc
_cBK
999 _c41894
_d41894